Central Library OPAC University of Rajshahi

ইতিহাস, ঐতিহাসিক ও ইতিহাসের উপাদান / (Record no. 81754)

MARC details
000 -LEADER
fixed length control field 00759nam a2200229 a 4500
001 - CONTROL NUMBER
control field 81754
003 - CONTROL NUMBER IDENTIFIER
rucl marc code BD-RjUL
005 - DATE AND TIME OF LATEST TRANSACTION
control field 20230823153332.0
008 - FIXED-LENGTH DATA ELEMENTS--GENERAL INFORMATION
fixed length control field 230823s2023 bg ||||| |||| 00| 0 ben d
020 ## - INTERNATIONAL STANDARD BOOK NUMBER
International Standard Book Number 9789849727620
035 ## - SYSTEM CONTROL NUMBER
System control number (BD-RjUL)81754
040 ## - CATALOGING SOURCE
Original cataloging agency BD-RjUL
Language of cataloging eng
Transcribing agency BD-RjUL
041 ## - LANGUAGE CODE
Language code of text/sound track or separate title ben
082 ## - DEWEY DECIMAL CLASSIFICATION NUMBER
Edition number 23
Classification number 900
Author mark and year SAE 2023
100 ## - MAIN ENTRY--PERSONAL NAME
Personal name সরকার, যদুনাথ
9 (RLIN) 8507
245 ## - TITLE STATEMENT
Title ইতিহাস, ঐতিহাসিক ও ইতিহাসের উপাদান /
Statement of responsibility, etc. যদুনাথ সরকার
260 ## - PUBLICATION, DISTRIBUTION, ETC. (IMPRINT)
Place of publication, distribution, etc. ঢাকা :
Name of publisher, distributor, etc. দিব্যপ্রকাশ,
Date of publication, distribution, etc. ২০২৩
300 ## - PHYSICAL DESCRIPTION
Pagination ১৪৪ পৃ.;
Size ২২ সেমি.
650 ## - SUBJECT ADDED ENTRY--TOPICAL TERM
Topical term or geographic name as entry element ইতিহাস
Topical term or geographic name as entry element History
942 ## - ADDED ENTRY ELEMENTS (KOHA)
Source of classification or shelving scheme Dewey Decimal Classification
Koha item type Books
Holdings
Lost status Source of classification or shelving scheme Damaged status Not for loan Collection code Permanent Location Current Location Shelving location Date acquired Source of acquisition Cost, normal purchase price Total Checkouts Full call number Date last seen Copy number Koha item type
  Dewey Decimal Classification   Not For Loan Non-fiction Central Library, University of Rajshahi Central Library, University of Rajshahi Reading Room 07/06/2023 Rajshahi : Biddasagar 206.25   B 900 SAE 2023 23/08/2023 C-1 Books
  Dewey Decimal Classification     Non-fiction Central Library, University of Rajshahi Central Library, University of Rajshahi General Stacks 07/06/2023 Rajshahi : Biddasagar 206.25   B 900 SAE 2023 23/08/2023 C-2 Books
  Dewey Decimal Classification     Non-fiction Central Library, University of Rajshahi Central Library, University of Rajshahi General Stacks 07/06/2023 Rajshahi : Biddasagar 206.25   B 900 SAE 2023 23/08/2023 C-3 Books